000 00489pab a2200169 454500
008 180718b1989 xxu||||| |||| 00| 0 eng d
100 _aChattopadhyay, Manabendu
245 _aInter and intra occupational differences in income and level of living
260 _c1989
300 _a1669-74
362 _a22 Jul.
650 _aStandard of Living - India - West Bengal
700 _aAshok Rudra
700 _aRobin Mukherjee
773 _aEconomic and Political Weekly
909 _a18908
999 _c18908
_d18908